|
|
|
|
| LEADER |
03185nam a2200817 4500 |
| 001 |
ocn811407531 |
| 003 |
OCoLC |
| 005 |
20170124071159.7 |
| 006 |
m o d |
| 007 |
cr cn||||||||| |
| 008 |
120411s2012 enka ob 001 0 eng d |
| 010 |
|
|
|z 2012014814
|
| 040 |
|
|
|a E7B
|b eng
|e pn
|c E7B
|d TEF
|d COO
|d OCLCF
|d NLGGC
|d N$T
|d YDXCP
|d TEFOD
|d EBLCP
|d DG1
|d DEBSZ
|d DEBBG
|d TXM
|d TEFOD
|d OCLCQ
|d NKT
|d AZK
|d LOA
|d OCLCO
|d OCLCA
|d GrThAP
|
| 019 |
|
|
|a 807029138
|a 961515396
|a 962633375
|
| 020 |
|
|
|a 9781118359730
|q (e-book)
|
| 020 |
|
|
|a 1405153547
|q (pbk.)
|
| 020 |
|
|
|a 9781405153546
|q (pbk.)
|
| 020 |
|
|
|a 9781283550437
|q (MyiLibrary)
|
| 020 |
|
|
|a 1283550431
|q (MyiLibrary)
|
| 020 |
|
|
|a 1118359739
|q (electronic bk.)
|
| 020 |
|
|
|a 9781118359730
|q (electronic bk.)
|
| 020 |
|
|
|a 9781118359747
|q (electronic bk.)
|
| 020 |
|
|
|a 1118359747
|q (electronic bk.)
|
| 020 |
|
|
|a 9781118702697
|q (electronic bk.)
|
| 020 |
|
|
|a 1118702697
|q (electronic bk.)
|
| 020 |
|
|
|z 9781405153546
|q (pbk. alk. paper)
|
| 029 |
1 |
|
|a AU@
|b 000051629229
|
| 029 |
1 |
|
|a DEBBG
|b BV040818808
|
| 029 |
1 |
|
|a DEBBG
|b BV041057298
|
| 029 |
1 |
|
|a DEBBG
|b BV042793296
|
| 029 |
1 |
|
|a DEBSZ
|b 397369549
|
| 029 |
1 |
|
|a DKDLA
|b 820120-katalog:000600155
|
| 029 |
1 |
|
|a NZ1
|b 14700404
|
| 029 |
1 |
|
|a NZ1
|b 14701064
|
| 029 |
1 |
|
|a NZ1
|b 15874104
|
| 029 |
1 |
|
|a NZ1
|b 15915818
|
| 029 |
1 |
|
|a DEBBG
|b BV043395068
|
| 035 |
|
|
|a (OCoLC)811407531
|z (OCoLC)807029138
|z (OCoLC)961515396
|z (OCoLC)962633375
|
| 037 |
|
|
|a D31EBAFF-CDAD-40A6-835E-46F8889CE027
|b OverDrive, Inc.
|n http://www.overdrive.com
|
| 050 |
|
4 |
|a QP141
|b .D37 2012eb
|
| 060 |
|
4 |
|a QT 260
|b D218n 2012
|
| 072 |
|
7 |
|a HEA
|x 007000
|2 bisacsh
|
| 082 |
0 |
4 |
|a 613.7
|2 23
|
| 049 |
|
|
|a MAIN
|
| 100 |
1 |
|
|a Daries, Hayley.
|
| 245 |
1 |
0 |
|a Nutrition for Sport and Exercise :
|b A Practical Guide /
|c Hayley Daries.
|
| 264 |
|
1 |
|a Chichester [England] :
|b Wiley-Blackwell,
|c 2012.
|
| 300 |
|
|
|a 1 online resource (v, 270 pages :) :
|b illustrations
|
| 336 |
|
|
|a text
|b txt
|2 rdacontent
|
| 337 |
|
|
|a computer
|b c
|2 rdamedia
|
| 338 |
|
|
|a online resource
|b cr
|2 rdacarrier
|
| 347 |
|
|
|a data file
|2 rda
|
| 380 |
|
|
|a Bibliography
|
| 504 |
|
|
|a Includes bibliographical references and index.
|
| 505 |
0 |
|
|a Introduction to sport and exercise nutrition -- The athlete's energy needs -- Laying the foundation of a good diet -- Carbohydrates -- Proteins -- Fats -- Vitamins and minerals -- Fluid balance -- Performance-enhancing (ergogenic) aids.
|
| 650 |
|
0 |
|a Nutrition.
|
| 650 |
|
0 |
|a Sports
|x Physiological aspects.
|
| 650 |
|
0 |
|a Exercise
|x Physiological aspects.
|
| 650 |
|
2 |
|a Nutritional Physiological Phenomena.
|
| 650 |
|
2 |
|a Sports
|x physiology.
|
| 650 |
|
2 |
|a Diet.
|
| 650 |
|
2 |
|a Exercise
|x physiology.
|
| 650 |
|
7 |
|a HEALTH & FITNESS
|x Exercise.
|2 bisacsh
|
| 650 |
|
7 |
|a Exercise
|x Physiological aspects.
|2 fast
|0 (OCoLC)fst00918004
|
| 650 |
|
7 |
|a Nutrition.
|2 fast
|0 (OCoLC)fst01042187
|
| 650 |
|
7 |
|a Sports
|x Physiological aspects.
|2 fast
|0 (OCoLC)fst01130485
|
| 655 |
|
4 |
|a Electronic books.
|
| 655 |
|
7 |
|a Electronic books.
|2 local
|
| 776 |
0 |
8 |
|i Print version:
|z 9781405153546
|
| 856 |
4 |
0 |
|u https://doi.org/10.1002/9781118702697
|z Full Text via HEAL-Link
|
| 994 |
|
|
|a 92
|b DG1
|